[Event "BEL-ch U20"]
[Site "Houffalize"]
[Date "2011.04.19"]
[Round "4"]
[White "Roos, David"]
[Black "Van Cappellen, Jonas"]
[Result "1-0"]
[WhiteElo "1959"]
[BlackElo "2059"]
[PlyCount "83"]
[EventDate "2011.04.17"]
[EventType "tourn"]
[EventRounds "9"]
[EventCountry "BEL"]
[SourceTitle "CBM 142 Extra"]
[Source "ChessBase"]
[SourceDate "2011.06.27"]
[SourceVersion "1"]
[SourceVersionDate "2011.06.27"]
[SourceQuality "1"]

1. e4 c5 2. Nf3 d6 3. d4 cxd4 4. Nxd4 Nf6 5. Nc3 Nc6 6. Bg5 e6 7. Qd2 a6 8. f4 Be7 9. 0-0-0 Qc7 10. Bxf6 gxf6 11. Be2 h5 12. Kb1 Bd7 13. Rhe1 Nxd4 14. Qxd4 Qc5 15. Qd3 0-0-0 16. Bf3 Kb8 17. Re3 Bc6 18. Qe2 Bf8 19. e5 Bh6 20. Ne4 Bxe4 21. Rxe4 dxe5 22. fxe5 Rxd1+ 23. Qxd1 fxe5 24. a3 f5 25. Rb4 e4 26. Be2 Qc6 27. Qd4 Rg8 28. Rb6 Bg7 29. Qb4 Bf8 30. Qb3 Qc8 31. Bxa6 Rg7 32. Bc4 f4 33. Bxe6 Qc7 34. Bd5 Qc8 35. Bxe4 Bc5 36. Rb5 Re7 37. Bf3 Bd4 38. Rxh5 Qf8 39. Rg5 Rg7 40. Rb5 Qc8 41. a4 Re7 42. a5 1-0

[Event "EU-ch U18 19th"]
[Site "Fermo"]
[Date "2009.09.03"]
[Round "4"]
[White "Giacchetti, Lorenzo"]
[Black "Van Cappellen, Jonas"]
[Result "0-1"]
[WhiteElo "1818"]
[BlackElo "2002"]
[PlyCount "88"]
[EventDate "2009.08.31"]
[EventType "swiss"]
[EventRounds "9"]
[EventCountry "ITA"]
[SourceTitle "CBM 132 Extra"]
[Source "ChessBase"]
[SourceDate "2009.11.03"]
[SourceVersion "1"]
[SourceVersionDate "2009.11.03"]
[SourceQuality "1"]

1. e4 c5 2. Nf3 d6 3. d4 cxd4 4. Nxd4 Nf6 5. Nc3 g6 6. Be3 Bg7 7. Bc4 Nc6 8. Bb3 0-0 9. f3 Bd7 10. Qd2 Rc8 11. 0-0-0 Nxd4 12. Bxd4 b5 13. Nd5 Nxd5 14. Bxg7 Kxg7 15. Bxd5 a5 16. Qd4+ f6 17. a3 Qc7 18. Rd2 Qc5 19. h4 Qxd4 20. Rxd4 f5 21. Re1 Kf6 22. exf5 gxf5 23. Rd2 Rc5 24. Bb3 Re5 25. Rxe5 Kxe5 26. Re2+ Kf6 27. Kd1 e6 28. Ke1 Rb8 29. Rd2 d5 30. g4 a4 31. Ba2 b4 32. axb4 Rxb4 33. c3 Rf4 34. Rd4 Rxf3 35. gxf5 Rxf5 36. Bb1 Rh5 37. Rf4+ Ke5 38. Rf7 Rxh4 39. Bxh7 Bb5 40. Rb7 Bc4 41. Bc2 Kf4 42. Re7 d4 43. Bxa4 Ke3 44. Bc6 Rg4 0-1